US states with the smallest largest city - Statistics

General Stats
  • This quiz has been taken 124 times
    80 since last reset
  • The average score is 9 of 10
Answer Stats
State Population of largest
city (2010 census)
% Correct
Fargo, North Dakota 105.549
97%
Burlington, Vermont 42.417
94%
Cheyenne, Wyoming 59.466
94%
Portland, Maine 66.194
94%
Manchester, New Hampshire 109.565
92%
Billings, Montana 104.170
90%
Wilmington, Delaware 70.851
86%
Charleston, West Virginia 51.400
84%
Bridgeport, Connecticut 144.229
71%
Charleston, South Carolina 129.272
70%
No matching quizzes found
Score Distribution
Percent of People with Each Score
Percentile by Number Answered
Your Score History
You have not taken this quiz since the last reset